Statistiques concernant Culture Générale - Série 1208

Cliquez ici pour prendre le quiz!

Statistiques générales

  • Ce quiz a été pris 43 fois
  • Le résultat moyen est 7 sur 10

Statistiques - réponses

Question Réponse % Correct
Quelle héroïne de fiction découvre le Pays des merveilles en suivant le Lapin blanc ?Alice
100%
Combien une mouche a-t-elle de pattes ?6
98%
Quel pays a une frontière commune avec l'État de l'Alaska ?Canada
95%
À New York, quel parc rectangulaire s'étend au coeur de Manhattan entre la 59e Rue au sud et la 110e Rue au nord ?Central Park
79%
Dans quelle ville américaine se déroule l'action du film "Piège de cristal", sorti en 1988 ?Los Angeles
67%
A quelle gare parisienne Claude Monet consacre-t-il une série de toiles, en 1877 ?gare Saint-Lazare
62%
Quel poète dramatique anglais est l'auteur de la pièce "La Tempête", en 1611 ?William Shakespeare
62%
En 1975, quel nom de guerriers Scandinaves a-t-on donné au deux sondes américaines destinées à explorer la planète Mars ?Viking
57%
En 1942, dans quel film de Henri-Georges Clouzot, le commissaire Wens enquête-t-il sur une série de meurtres ?L'assassin habite au 21
17%
Quel cinéaste et acteur américain réalise "La Soif du mal" en 1958 ?Orson Welles
14%

Distribution des résultats

Percentile par nombre de réponses

% des personnes avec chaque résultat

Votre développement - résultats

Vous n’avez pas pris ce quiz